000
00301nam a22001457a 4500
003
SGT
082
_a
616.07
_b
P24M
100
_a
MOHAN, HARSH
245
_a
PATHOLOGY QUICK REVIEW
250
_a
6TH
260
_a
INDIA
_b
JAYPEE P[UB
_c
2024
300
_a
268
650
_a
PATHOLOGY
942
_2
ddc
_c
BK
999
_c
30697
_d
30697